| 000 | 00420nam a22001457a 4500 | ||
|---|---|---|---|
| 020 | _a007121343 | ||
| 082 |
_a620.11 _bHEN _cN-01, P-108 |
||
| 245 |
_aStructure and properties of engineering materials _cHenkel, Daniel |
||
| 250 | _a5th | ||
| 260 |
_aBoston _bMcGraw Hill _c2002 |
||
| 300 |
_axv, 446 p. : _bill, ; _c24 cm. |
||
| 526 |
_a0 _b0 _c0 _d620_110000000000000_HEN |
||
| 650 |
_aNUST (MCE) _926909 |
||
| 942 |
_2ddc _cBK |
||
| 999 |
_c545010 _d545010 |
||